| 000 | 00681cam a22002053a 4500 | ||
|---|---|---|---|
| 001 | 44409 | ||
| 003 | PGUSA | ||
| 005 | 20140828084020.0 | ||
| 008 | 131211s2013||||xxu|||||s|||||000 | eng d | ||
| 040 |
_aPGUSA _beng |
||
| 042 | _adc | ||
| 100 | 1 |
_aHarris, Maurice H. _q(Maurice Henry), _d1859-1930 |
|
| 245 | 1 | 2 |
_aA Thousand Years of Jewish History : _bFrom the days of Alexander the Great to the Moslem Conquest of Spain _h[electronic resource] / _cMaurice H. Harris |
| 260 |
_bProject Gutenberg, _c2013 |
||
| 506 | _aPublic domain in the USA. | ||
| 516 | _aElectronic text | ||
| 830 | 0 |
_aProject Gutenberg _v44409 |
|
| 856 | 4 | 0 | _uhttp://www.gutenberg.org/ebooks/44409 |
| 942 | _cEB | ||
| 999 |
_c273660 _d273660 |
||